A meta-analytic study of adult self-direction in learning : a review of the research from 1977 to 1987 /

Saved in:
Bibliographic Details
Main Author: McCune, Sandra K.
Format: Thesis Book
Language:English
Published: Ann Arbor, Mich. : U.M.I., [19--?]
Subjects:
LEADER 00910nam a2200241 a 4500
001 c000412579
003 CARM
005 00000000000000.0
008 971128q19uu1997miu 00000 eng d
019 1 |a 11011210 
040 |a VDU  |c VDU 
082 0 4 |a 374 
100 1 |a McCune, Sandra K. 
245 1 2 |a A meta-analytic study of adult self-direction in learning :  |b a review of the research from 1977 to 1987 /  |c by Sandra Kathryne McCune. 
260 |a Ann Arbor, Mich.  |b : U.M.I.,  |c [19--?] 
300 |a xi, 190 p. ;  |c 21 cm. 
502 |a Thesis (Ph.D.)--Texas A&M University, 1988. 
650 0 |a Self-culture. 
650 0 |a Adult education. 
650 0 |a Experiental learning. 
852 8 |b CARM  |h A3:AF32F0  |i C12719  |p 0566635  |f BK 
999 f f |i 6baf0b0b-83a0-5c51-b243-049b82a50865  |s b17b03d2-51af-56b8-8fc2-083346420c71 
952 f f |p Can circulate  |a CAVAL  |b CAVAL  |c CAVAL  |d CARM 1 Store  |e C12719  |f A3:AF32F0  |h Other scheme  |i book  |m 0566635